| 000 | 01893nam a2200373 a 4500 | ||
|---|---|---|---|
| 001 | ebr10516697 | ||
| 003 | CaPaEBR | ||
| 006 | m u | ||
| 007 | cr cn||||||||| | ||
| 008 | 111228s1993 dcua sb 101 0 eng d | ||
| 020 | _z1563470195 | ||
| 020 | _z9781563470196 | ||
| 020 | _z9781600864025 (e-book) | ||
| 040 |
_aCaPaEBR _cCaPaEBR |
||
| 035 | _a(OCoLC)300957143 | ||
| 050 | 1 | 4 |
_aTN605 _b.M48 1993eb |
| 245 | 0 | 0 |
_aMetallurgical technologies, energy conversion, and magnetohydrodynamic flows _h[electronic resource] / _cedited by Herman Branover, Yeshajahu Unger. |
| 260 |
_aWashington, D.C. : _bAmerican Institute of Aeronautics and Astronautics, _c1993. |
||
| 300 |
_a726 p. : _bill. |
||
| 490 | 1 |
_aProgress in astronautics and aeronautics, _x0079-6050 ; _vv. 148 |
|
| 500 | _a"Technical papers from the proceedings of the sixth Beer-Sheva International Seminar on Magnetohydrodynamic Flows and Turbulence, Ben-Gurion University of the Negev, Beer-Sheva, Israel, February 25-March 2, 1990, and subsequently revised for this volume." | ||
| 504 | _aIncludes bibliographical references and index. | ||
| 533 |
_aElectronic reproduction. _bPalo Alto, Calif. : _cebrary, _d2013. _nAvailable via World Wide Web. _nAccess may be limited to ebrary affiliated libraries. |
||
| 650 | 0 |
_aMetallurgy _vCongresses. |
|
| 650 | 0 |
_aDirect energy conversion _vCongresses. |
|
| 650 | 0 |
_aMagnetohydrodynamics _vCongresses. |
|
| 655 | 7 |
_aElectronic books. _2local |
|
| 700 | 1 | _aBranover, Herman. | |
| 700 | 1 | _aUnger, Yeshajahu. | |
| 710 | 2 | _aebrary, Inc. | |
| 711 | 2 |
_aBeer-Sheva International Seminar on Magnetohydrodynamic Flows and Turbulence _n(6th : _d1990 : _cBeersheba, Israel) |
|
| 830 | 0 |
_aProgress in astronautics and aeronautics ; _vv. 148. |
|
| 856 | 4 | 0 |
_uhttp://site.ebrary.com/lib/rucke/Doc?id=10516697 _zAn electronic book accessible through the World Wide Web; click to view |
| 999 |
_c121230 _d121230 |
||